Top 15 Countries with Covid-19 Deaths - 5 November 2022 - Statistics

General Stats
  • This quiz has been taken 39 times
  • The average score is 14 of 28
Answer Stats
country % Correct
United States
100%
Russia
94%
India
89%
Mexico
89%
United Kingdom
86%
Brazil
80%
France
80%
Italy
77%
Germany
74%
Poland
63%
Argentina
60%
Colombia
60%
Iran
49%
Peru
49%
Indonesia
40%
Greece
34%
Hungary
31%
Slovenia
31%
Romania
29%
Czechia
26%
Slovakia
26%
Bosnia and Herzegovina
23%
Bulgaria
23%
Croatia
23%
Lithuania
17%
Latvia
14%
North Macedonia
14%
Georgia
11%
No matching quizzes found
Score Distribution
Percent of People with Each Score
Percentile by Number Answered
Your Score History
You have not taken this quiz